00483cam a22001577a 4500008004000000020001500040082001400055245010000069260003300169300001000202650001900212650002500231650002200256650002400278700002300302180718b2006 xxu||||| |||| 00| 0 eng d a8177081128 aR1x54 J51 aIndia: manpower, employment policy and labour welfare 1947 to 2007cedited by K. Narindar Jetli aNew DelhibNew Centuryc2006 a507p. aLabour reforms aIndustrial relations aManpower planning aEmployment policies aJetli, K. Narindar